Романы и повести братьев Аркадия и Бориса Стругацких - Statistics

General Stats
  • This quiz has been taken 25 times
  • The average score is 9 of 27
Answer Stats
Год издания Произведение % Correct
1972 Пикник на обочине
86%
1965 Понедельник начинается в субботу
76%
1964 Трудно быть богом
71%
1965 Улитка на склоне
43%
1969 Обитаемый остров
43%
1971 Малыш
43%
1980 Жук в муравейнике
43%
1975 Град обречённый
38%
1961 Полдень, XXII век
38%
1962 Стажёры
33%
1968 Сказка о Тройке
33%
1970 Отель "У Погибшего Альпиниста"
33%
1959 Страна багровых туч
29%
1977 За миллиард лет до конца света
29%
1962 Попытка к бегству
24%
1963 Далёкая Радуга
24%
1967 Гадкие лебеди
24%
1974 Парень из преисподней
24%
1986 Волны гасят ветер
24%
1982 Хромая судьба
19%
1960 Извне
14%
1960 Путь на Амальтею
14%
1965 Хищные вещи века
14%
1965 Беспокойство
14%
1968 Второе нашествие марсиан
10%
1980 Повесть о дружбе и недружбе
10%
1988 Отягощённые злом, или Сорок лет спустя
10%
No matching quizzes found
Score Distribution
Percent of People with Each Score
Percentile by Number Answered
Your Score History
You have not taken this quiz